000 00279nam a2200121Ia 4500
008 231106s2020 xx 000 0 und d
041 _aeng
082 _a743.73
100 _aMARRY WOODIN
245 _aU R INVITED
260 _bMARK SEARLE SEARCH PRESS
_c2020
300 _aP-128
999 _c920109
_d920109